000 00684nam a2200289Ia 4500
005 20260324124009.0
008 008 260324s9999 xx 000 0 eng d
020 _a9781315478371
037 _aEBOOK
040 _aCRL
040 _beng
040 _cCRL
041 _2eng
041 _aeng
084 _qCRL
100 _aLuther H Martin; Jesper Sørensen
_91172451
245 0 _aPast Minds
245 0 _bStudies in Cognitive Historiography
260 _bTaylor and Francis
260 _c2011
365 _a
365 _b230
856 _uhttp://www.taylorfrancis.com/books/9781315478371
942 _cEBOOK
999 _c1766455
_d1766455